The quiet of the birds: (Record no. 478838)
[ view plain ]
| 000 -LEADER | |
|---|---|
| fixed length control field | 00550nam a22002057a 4500 |
| 001 - CONTROL NUMBER | |
| control field | 125613 |
| 003 - CONTROL NUMBER IDENTIFIER | |
| control field | NUST |
| 005 - DATE AND TIME OF LATEST TRANSACTION | |
| control field | 20180731084658.0 |
| 008 - FIXED-LENGTH DATA ELEMENTS--GENERAL INFORMATION | |
| fixed length control field | 180731b ||||| |||| 00| 0 eng d |
| 020 ## - INTERNATIONAL STANDARD BOOK NUMBER | |
| International Standard Book Number | 9780144000012 |
| 038 ## - RECORD CONTENT LICENSOR | |
| Staff Name | Arshad |
| 040 ## - CATALOGING SOURCE | |
| Original cataloging agency | NUST - Fiction |
| 082 ## - DEWEY DECIMAL CLASSIFICATION NUMBER | |
| Classification number | 823 |
| Author Mark | CUN |
| 100 ## - MAIN ENTRY--PERSONAL NAME | |
| Personal name | Cunha, Nisha Da |
| 9 (RLIN) | 12143 |
| 245 ## - TITLE STATEMENT | |
| Title | The quiet of the birds: |
| Remainder of title | collected stories / |
| Statement of responsibility, etc. | Nisha Da Cunha |
| 260 ## - PUBLICATION, DISTRIBUTION, ETC. | |
| Place of publication, distribution, etc. | New Delhi: |
| Name of publisher, distributor, etc. | Penguin books, |
| Date of publication, distribution, etc. | 2005 |
| 300 ## - PHYSICAL DESCRIPTION | |
| Extent | 383 p. |
| 650 ## - SUBJECT ADDED ENTRY--TOPICAL TERM | |
| Topical term or geographic name entry element | Short stories, Indic (English) |
| 9 (RLIN) | 12144 |
| 942 ## - ADDED ENTRY ELEMENTS (KOHA) | |
| Source of classification or shelving scheme | |
| Koha item type | Book |
| Withdrawn status | Lost status | Source of classification or shelving scheme | Damaged status | Not for loan | Collection code | Permanent Location | Current Location | Shelving location | Date acquired | Total Checkouts | Total Renewals | Full call number | Barcode | Date last seen | Date last checked out | Copy number | Price effective from | Koha item type |
|---|---|---|---|---|---|---|---|---|---|---|---|---|---|---|---|---|---|---|
| Central Library (CL) | Central Library (CL) | Fiction | 07/31/2018 | 3 | 1 | 823 CUN | CL392 | 07/23/2025 | 07/07/2025 | 1 | 07/31/2018 | Book |
